Symbolique verbale et rituelle chez les Sakata, Lele, Wongo, Kuba, Lulua, Mbole et Vira (Rép. du Zaïre) / (Record no. 127922)
[ view plain ]
| 000 -LEADER | |
|---|---|
| fixed length control field | 01875cam a2200313 a 4500 |
| 001 - CONTROL NUMBER | |
| control field | 4290225 |
| 003 - CONTROL NUMBER IDENTIFIER | |
| control field | ARRUPE |
| 005 - DATE AND TIME OF LATEST TRANSACTION | |
| control field | 20180412101205.0 |
| 008 - FIXED-LENGTH DATA ELEMENTS--GENERAL INFORMATION | |
| fixed length control field | 851216s1984 cg a b 000 0 fre |
| 010 ## - LIBRARY OF CONGRESS CONTROL NUMBER | |
| LC control number | 85240013 |
| 040 ## - CATALOGING SOURCE | |
| Original cataloging agency | DLC |
| Transcribing agency | DLC |
| Modifying agency | DLC |
| 043 ## - GEOGRAPHIC AREA CODE | |
| Geographic area code | f-cg--- |
| 050 00 - LIBRARY OF CONGRESS CALL NUMBER | |
| Classification number | GN654 |
| Item number | .I95 1984 |
| 082 00 - DEWEY DECIMAL CLASSIFICATION NUMBER | |
| Classification number | 306/.09675/1 |
| Edition number | 19 |
| 300 ## - PHYSICAL DESCRIPTION | |
| Other physical details | ill. ; |
| Dimensions | 27 cm. |
| 100 0# - MAIN ENTRY--PERSONAL NAME | |
| Personal name | Ize-Senze. |
| 9 (RLIN) | 41489 |
| 245 10 - TITLE STATEMENT | |
| Title | Symbolique verbale et rituelle chez les Sakata, Lele, Wongo, Kuba, Lulua, Mbole et Vira (Rép. du Zaïre) / |
| Statement of responsibility, etc | Ize-Sense [sic], Kabulampuka Kanyinda & autres. |
| 260 ## - PUBLICATION, DISTRIBUTION, ETC. (IMPRINT) | |
| Place of publication, distribution, etc | Bandundu, République du Zaïre : |
| Name of publisher, distributor, etc | Ceeba, |
| Date of publication, distribution, etc | 1984. |
| 300 ## - PHYSICAL DESCRIPTION | |
| Extent | 135 p. : |
| 490 1# - SERIES STATEMENT | |
| Series statement | Publications. Série II ; |
| Volume number/sequential designation | vol. 93 |
| 504 ## - BIBLIOGRAPHY, ETC. NOTE | |
| Bibliography, etc | Includes bibliographies. |
| 505 0# - FORMATTED CONTENTS NOTE | |
| Formatted contents note | Le secte Nkuba, 1936-1958 / par Kabulampuka Kanyinda -- Conception de l'homme et rite de passage dans l'au-delà chez les Sakata / par Ize-Senze Iyeabojeme -- Quelques rites examinés chez le peuple Lele / par Shanga Mapangu -- Epreuve de poison dans les procès traditionnels chez les Bavira / par Minga Shanga M. & Bulongo L. -- "Ipome," poison anti-sorcier dans les rites Leele, Kuba et Wongo / par Minga Shanga M. & Makutu Nyim -- Valeur et sens du système anthroponymique des Bambole (Haut-Zaïre) / par Minga Shanga M., avec la collabortion de Lukolanday Humudi -- Les chansons traditionnelles Lele et leur signification socioculturelle / par Makutu-Nyim et Minga Shanga. |
| 650 #0 - SUBJECT ADDED ENTRY--TOPICAL TERM | |
| Topical term or geographic name as entry element | Ethnology |
| Geographic subdivision | Congo (Democratic Republic) |
| 9 (RLIN) | 17640 |
| 650 #0 - SUBJECT ADDED ENTRY--TOPICAL TERM | |
| Topical term or geographic name as entry element | Rites and ceremonies |
| Geographic subdivision | Congo (Democratic Republic) |
| 9 (RLIN) | 38822 |
| 650 #0 - SUBJECT ADDED ENTRY--TOPICAL TERM | |
| Topical term or geographic name as entry element | Folk literature, Bantu |
| Geographic subdivision | Congo (Democratic Republic) |
| 9 (RLIN) | 41490 |
| 651 #0 - SUBJECT ADDED ENTRY--GEOGRAPHIC NAME | |
| Geographic name | Congo (Democratic Republic) |
| General subdivision | Social life and customs. |
| 9 (RLIN) | 25892 |
| 700 0# - ADDED ENTRY--PERSONAL NAME | |
| Personal name | Kabulampuka Kanyinda. |
| 9 (RLIN) | 41491 |
| 830 #0 - SERIES ADDED ENTRY--UNIFORM TITLE | |
| Uniform title | Publications (Ceeba). |
| Number of part/section of a work | Série II ; |
| Volume number/sequential designation | v. 93. |
| 9 (RLIN) | 41492 |
| 906 ## - LOCAL DATA ELEMENT F, LDF (RLIN) | |
| a | 7 |
| b | cbc |
| c | orignew |
| d | 3 |
| e | ncip |
| f | 19 |
| g | y-gencatlg |
| 942 ## - ADDED ENTRY ELEMENTS (KOHA) | |
| Source of classification or shelving scheme | Library of Congress Classification |
| Koha item type | Monograph ( Printed materials) |
| Withdrawn status | Lost status | Source of classification or shelving scheme | Damaged status | Not for loan | Collection code | Home library | Current library | Shelving location | Date acquired | Total Checkouts | Full call number | Barcode | Date last seen | Price effective from | Koha item type |
|---|---|---|---|---|---|---|---|---|---|---|---|---|---|---|---|
| Library of Congress Classification | Main Collection | ARRUPE LIBRARY | ARRUPE LIBRARY | Main Collection | 12/04/2018 | GN654 .I95 1984 | 46600001794 | 12/04/2018 | 12/04/2018 | Monograph ( Printed materials) |